LEADER 01259nam0-22003371i-450- 001 990001457990403321 005 20001010 010 $a72048235 6 035 $a000145799 035 $aFED01000145799 035 $a(Aleph)000145799FED01 035 $a000145799 100 $a20000920d1972----km-y0itay50------ba 101 0 $aeng 102 $aNL 105 $aa---a---001yy 200 1 $aAlgal Vegetation-Types along the Shores of Inner Bays and Lagoons of Curacao, and of the Lagoon Lac (Bonaire) Netherlands Antilles$fC. Van Den Hoek, F. Colijn, A.M. Cortel-Breeman and J.B.W. Wanders 210 $aAmsterdam$cNorth-Holland Publishing Company$d1972 215 $a72 p.$d27 cm 225 1 $aVerhandelingen der koninklijke Nederlandse Akademie van wetenschappen, AFD. natuurkunde. Tweede reeks, deel 61$v2 610 0 $aAlgologia 700 1$aHoek,$bChristiaan : van den$063970 702 1$aColijn,$bF. 702 1$aCortel Breeman,$bA.M. 801 0$aIT$bUNINA$gRICA$2UNIMARC 901 $aBK 912 $a990001457990403321 952 $a12 V 2 (61/2$b$fDBV 959 $aDBV 996 $aAlgal Vegetation-Types along the Shores of Inner Bays and Lagoons of Curacao, and of the Lagoon Lac (Bonaire) Netherlands Antilles$9379794 997 $aUNINA LEADER 00950nam0 22002651i 450 001 SUN0027504 005 20050204120000.0 010 $a06-311-6211-9 100 $a20041110d1997 |0engc50 ba 101 $aeng 102 $aGB 105 $a|||| ||||| 200 1 $aˆA ‰Companion et ethics$fedited by Peter Singer 210 $aOxford$cBlackwell$dc1997 215 $aXXII, 565 p.$d25 cm. 606 $aEtica$2FI$3SUNC011152 620 $aGB$dOxford$3SUNL000020 702 1$aSinger$b, Peter$3SUNV000842 712 $aBlackwell$3SUNV000122$4650 801 $aIT$bSOL$c20181109$gRICA 912 $aSUN0027504 950 $aUFFICIO DI BIBLIOTECA DEL DIPARTIMENTO DI GIURISPRUDENZA$d00 CONS XXI.Dd.86 $e00 21243 995 $aUFFICIO DI BIBLIOTECA DEL DIPARTIMENTO DI GIURISPRUDENZA$h21243$kCONS XXI.Dd.86$op$qa 996 $aCompanion et ethics$91431378 997 $aUNICAMPANIA LEADER 02175oam 2200505 c 450 001 9910563034103321 005 20250513223435.0 024 7 $a10.3726/b12481 035 $a(CKB)4340000000238717 035 $a(oapen)https://directory.doabooks.org/handle/20.500.12854/32591 035 $a(PH02)9783954792719 035 $a(oapen)doab32591 035 $a(EXLCZ)994340000000238717 100 $a20240525d1982 uy 0 101 0 $ager 135 $aurnnunnnannuu 181 $ctxt$2rdacontent 182 $cc$2rdamedia 183 $acr$2rdacarrier 200 10$aMaksimilian Volos?in als Künstler und Kritiker$fClaudia Wallrafen 205 $a1st, New ed. 210 $aFrankfurt a.M$cPH02$d1982 215 $a1 online resource (273 p.)$c, EPDF 225 0 $aSlavistische Beitra?ge$v153 300 $aPeter Lang GmbH, Internationaler Verlag der Wissenschaften 311 08$a3-95479-271-0 327 $aDas Leben Maksimilian Volos?ins (1877 - 1932) - Der Symbolismus als europa?ische Stro?mung - Kunst- und Schaffensa?sthetik - Das dichterische Werk - Volos?in und Henri Bergson - Traum und Wille als Kunstprinzipien - Die Kunst des U?bersetzens 330 $aDas Werk Volos?ins umfaßt Gedichte, U?bersetzungen deutscher und franzo?sischer Literatur, Artikel und Rezensionen zu Fragen der Literatur und Kunst, Essays sowie - wenn man den Sektor der Malerei miteinbeziehen will - eine große Anzahl von Aquarellen. Anerkannt von seinen Zeitgenossen, geriet Volos?in in den Jahren 1920-1950 in Vergessenheit. Erst in den sechziger Jahren begann das Interesse an seiner Person wieder zu wachsen. 606 $aLiterature & literary studies$2bicssc 610 $aBiographie 610 $aKritiker 610 $aKünstler 610 $aMaksimilian 610 $aRussland 610 $aSlavische Sprachwissenschaft 610 $aVolo?in 610 $aWallrafen 615 7$aLiterature & literary studies 700 $aWallrafen$b Claudia$4aut$0687112 801 0$bPH02 801 1$bPH02 906 $aBOOK 912 $a9910563034103321 996 $aMaksimilian Volosin als Künstler und Kritiker$91272425 997 $aUNINA LEADER 02466oam 2200505Mn 450 001 9910597130103321 005 20260304110030.0 010 $a1-003-69574-4 024 7 $a10.5117/9789463723756 035 $a(CKB)5600000000508738 035 $a(oapen)https://directory.doabooks.org/handle/20.500.12854/92587 035 $a(oapen)doab92587 035 $a(OCoLC)1543523200 035 $a(OCoLC-P)1543523200 035 $a(FlBoTFG)9781003695745 035 $a(ODN)ODN0012396342 035 $a(EXLCZ)995600000000508738 100 $a20251008d2025 uy 0 101 0 $aeng 135 $aurmn|---annan 181 $ctxt$2rdacontent 182 $cc$2rdamedia 183 $acr$2rdacarrier 200 00$aFlavian responses to Nero's Rome /$fedited by Mark Heerink and Esther Meijer 210 $a[S.l.] $cROUTLEDGE$d2025 215 $a1 online resource (372 p.) 311 08$a94-6372-375-7 330 $aIn this interdisciplinary volume, a team of classicists, historians, and archaeologists examines how the memory of the infamous emperor Nero was negotiated in different contexts and by different people during the ensuing Flavian age of imperial Rome. The contributions show different Flavian responses to Nero's complicated legacy: while some aspects of his memory were reinforced, others were erased. Emphasizing the constant and diverse nature of this negotiation, this book proposes a nuanced interpretation of both the Flavian age itself and its relation to Nero's Rome. By combining the study of these strategies with architectural approaches, archaeology, and memory studies, this volume offers a multifaceted picture of Roman civilization at a crucial turning point, and as such will have something to offer anyone interested in classics, (ancient) history, and archaeology. 606 $aEuropean history$2bicssc 606 $aHistory of architecture$2bicssc 606 $aHistory of art / art & design styles$2bicssc 607 $aRome$xHistory$yFlavians, 69-96 610 $aImperial Rome, Flavian dynasty, classics, ancient history 615 7$aEuropean history 615 7$aHistory of architecture 615 7$aHistory of art / art & design styles 676 $a937.07 701 $aHeerink$b Mark$0765671 701 $aMeijer$b Esther$01877077 801 0$bOCoLC-P 801 1$bOCoLC-P 906 $aBOOK 912 $a9910597130103321 996 $aFlavian responses to Nero's Rome$94489084 997 $aUNINA